000 00578nam a2200133Ia 4500
008 100328s9999 xx 000 0 und d
082 _b65153
100 _aसूर्यवंशी बापू-संक.
245 _aशासनाच्या विविा कर्ज अनुदान योजना.
260 _bआमोद.
630 _aशासनाच्या विविा कर्ज अनुदान योजना.
730 _aशासनाच्या विविा कर्ज अनुदान योजना.
942 _cBOOK
999 _c550901
_d550898